000 06669cam a22008894i 4500
003 PE-LiUPU
005 20250731173353.0
008 151021s2010 flua r 001 0 spa d
020 _a1575548313
020 _a9781575548319
035 _a(Sirsi) i9781575548319
040 _aPE-LiUPU
_bspa
_cPE-LiUPU
_erda
041 1 _aspa
_heng
049 _aPRUA
050 _aBS1556
_b.C53 2010
082 0 4 _a286.73205
_bCA
_221
082 0 4 _a224.5
_bH71 2010
100 1 _aHolbrook, Frank B.,
_eautor.
245 1 0 _aSímposío sobre Daníel :
_bestudios introductorios y exegéticos /
_cFrank B. Holbrook, editor.
250 _aPrimera edición.
264 1 _aDoral, Florida :
_bAsociación Publicadora Interamericana,
_c2010.
300 _axx, 566 páginas :
_bilustraciones ;
_c24 centímetros.
336 _atext
_2rdacontent
337 _aunmediated
_2rdamedia
338 _avolume
_2rdacarrier
490 0 _aClásicos del Adventismo ;
_v5
504 _aÍndice : páginas 559-566.
505 0 _aVersiones bíblicas empleadas -- Nota sobre esta versión en español -- Abreviaturas -- Al lector -- Estudios introductorios sobre Daniel -- Autoría, teología, y propósito sobre Daniel -- El establecimiento de una fecha para el libro de Daniel -- La unidad de Daniel -- Inicio de la interpretación de Antíoco Epífanes -- Estudios exegéticos sobre Daniel -- El reino de la roca de Daniel 2 -- El "cuerno pequeño", el santuario celestial y el tiempo del fin: estudio de Daniel 8:9-14 -- Repaso de ereb boqer en Daniel 8:14 -- Traducción de nisdaq/katharisthesetai en Daniel 8:14 -- Dimensiones especiales en la visión de Daniel 8 -- Significado del lenguaje ritual de Daniel 8:9-14.
526 _aSEG42
526 _aSEG41
526 _aSEG40
526 _aSEG39
526 _aP94
526 _aP87
526 _aP86
526 _aP85
526 _aP77
526 _aP76
526 _aP35
534 _pTítulo Original :
_tSymposium on Daniel.
650 0 4 _aDaniel.
700 1 _aHolbrook, Frank B.,
_eeditor.
910 _ardg
_bjck
_crdg
_d20151021
910 _btqv
_cwelc
_d20181029
942 _2ddc
_cBOOK
949 _a286.732 CA 5
_wDEWEY
_c1
_i62296
_d2016-11-16
_e2016-11-16
_f2017-2-15
_g1
_lCCODEBUL1
_mBUL
_n7
_p21.00
_r0
_sY
_tBOOK
_u2015-7-6
_xTEOLOGIA
_PP35
_o.STAFF. Colección Teología
949 _a286.732 CA 5
_wDEWEY
_c2
_i61936
_d2016-12-1
_e2016-11-28
_f2017-2-15
_g1
_lCCODEBUL1
_mBUL
_n9
_p19.00
_r0
_sY
_tBOOK
_u2015-7-6
_xTEOLOGIA
_PP35
_0COMPRA
_o.STAFF. Colección Teología
949 _a286.732 CA 5
_wDEWEY
_c3
_i75615
_f2017-2-15
_g1
_lCCODEBUL1
_mBUL
_p23.00
_r0
_sY
_tBOOK
_u2017-2-2
_xTEOLOGIA
_PP35
_0COMPRA
_o.STAFF. Colección Teología
949 _a286.732 CA 5
_wDEWEY
_c4
_i75616
_f2017-2-15
_g1
_lCCODEBUL1
_mBUL
_r0
_sY
_tBOOK
_u2017-2-2
_xTEOLOGIA
_PP35
_0COMPRA
_o.STAFF. Colección Teología
949 _a286.732 CA 5
_wDEWEY
_c5
_i75617
_f2017-2-15
_g1
_lCCODEBUL1
_mBUL
_p23.00
_r0
_sY
_tBOOK
_u2017-2-2
_xTEOLOGIA
_PP35
_0COMPRA
_o.STAFF. Colección Teología
949 _aBS1556 D36 S18 V5
_wDEWEY
_c1
_i51658-1001
_lCIA
_mBWL
_r0
_sY
_tBOOK
_u2015-10-21
_xWHITE
_zUNKNOWN
_0COMPRA
_o.STAFF. Centro White
949 _aBS1556 .S54 2010
_wDEWEY
_c2
_iCW00308
_lCIA
_mBWL
_r0
_sY
_tBOOK
_u2017-3-30
_xWHITE
_zUNKNOWN
_0COMPRA
_o.STAFF. Centro White
949 _aBS1556 .S54 2010
_wDEWEY
_c3
_iCW00309
_lCIA
_mBWL
_r0
_sY
_tBOOK
_u2017-3-30
_xWHITE
_zUNKNOWN
_0COMPRA
_o.STAFF. Centro White
949 _aBS1556 D36 S18 V5
_wDEWEY
_c4
_iCW00310
_lCIA
_mBWL
_r0
_sY
_tBOOK
_u2017-3-30
_xWHITE
_zUNKNOWN
_0COMPRA
_o.STAFF. Centro White
949 _aBS1556 D36 S18 V5
_wDEWEY
_c5
_iCW00311
_lCIA
_mBWL
_r0
_sY
_tBOOK
_u2017-3-30
_xWHITE
_zUNKNOWN
_0COMPRA
_o.STAFF. Centro White
949 _aBS1556 D36 S18
_wDEWEY
_c2
_i51206-1002
_lCIA
_mBWL
_r1
_sY
_tBOOK
_u2015-10-21
_xWHITE
_zUNKNOWN
_0DONACION
_o.STAFF. Centro White
949 _aBS1556 D36 S18
_wDEWEY
_c3
_i51664-1001
_lCIA
_mBWL
_r1
_sY
_tBOOK
_u2015-10-21
_xWHITE
_zUNKNOWN
_0DONACION
_o.STAFF. Centro White
949 _a224.5 H71 2010
_wDEWEY
_c1
_iFJ11895
_lCCODEBUJ1
_mBUJ
_p21.00
_r0
_sY
_tBOOK
_u2018-10-29
_xBIBLIOTECA
_zUNKNOWN
_0COMPRA
_o.STAFF. Colección General Juliaca
949 _a224.5 H71 2010
_wDEWEY
_c2
_iFJ11896
_lCCODEBUJ1
_mBUJ
_p21.00
_r0
_sY
_tBOOK
_u2018-10-29
_xBIBLIOTECA
_zUNKNOWN
_0COMPRA
_o.STAFF. Colección General Juliaca
994 _aC0
_bPEPRU
596 _a1 3 4
999 _a286.732 CA 5
_wDEWEY
_c51055
_i62296
_d51055
_e2018-8-22
_f2021-11-11
_g6
_lCCODEBUL1
_mBUL
_n8
_p21.00
_q1
_r0
_sY
_tBOOK
_u2015-7-6
_xTEOLOGIA
_PP35
_o.STAFF. Colección General
999 _a286.732 CA 5
_wDEWEY
_c2
_i61936
_d2018-10-17
_e2018-10-11
_f2021-11-11
_g6
_lCCODEBUL1
_mBUL
_n10
_p19.00
_q4
_r0
_sY
_tBOOK
_u2015-7-6
_xTEOLOGIA
_PP35
_0COMPRA
_o.STAFF. Colección Teología
999 _a286.732 CA 5
_wDEWEY
_c3
_i75615
_d2019-10-2
_e2019-9-30
_f2021-11-11
_g6
_lCCODEBUL1
_mBUL
_n3
_p23.00
_q6
_r0
_sY
_tBOOK
_u2017-2-2
_xTEOLOGIA
_PP35
_0COMPRA
_o.STAFF. Colección Teología
999 _a286.732 CA 5
_wDEWEY
_c4
_i75616
_d2020-1-8
_e2019-9-16
_f2021-11-11
_g6
_lCCODEBUL1
_mBUL
_n2
_p21.00
_q8
_r0
_sY
_tBOOK
_u2017-2-2
_xTEOLOGIA
_PP35
_0COMPRA
_o.STAFF. Colección Teología
999 _a286.732 CA 5
_wDEWEY
_c5
_i75617
_d2019-11-27
_e2018-11-12
_f2021-11-11
_g6
_lCCODEBUL1
_mBUL
_n4
_p23.00
_q9
_r0
_sY
_tBOOK
_u2017-2-2
_xTEOLOGIA
_PP35
_0COMPRA
_o.STAFF. Colección Teología
999 _a286.73205 CA 5 2010
_wDEWEY
_c1
_iCW00311
_f2021-12-22
_g2
_lCCODECWL1
_mBWL
_p50.00
_r0
_sY
_tBOOK
_u2017-3-30
_xWHITE
_zUNKNOWN
_0COMPRA
_o.STAFF. Centro White
999 _a286.73205 CA 5 2010
_wDEWEY
_c2
_iCW00309
_f2021-12-22
_g2
_lCCODECWL1
_mBWL
_r0
_sY
_tBOOK
_u2017-3-30
_xWHITE
_zUNKNOWN
_0COMPRA
_o.STAFF. Centro White
999 _a286.73205 CA 5 2010
_wDEWEY
_c3
_i51658-1001
_lCRAI-HOUSE
_mBWL
_r0
_sY
_tBOOK
_u2015-10-21
_xWHITE
_zUNKNOWN
_0COMPRA
_o.STAFF. Centro White
999 _a286.73205 CA 5 2010
_wDEWEY
_c4
_iCW00310
_lCRAI-HOUSE
_mBWL
_r0
_sY
_tBOOK
_u2017-3-30
_xWHITE
_zUNKNOWN
_0COMPRA
_o.STAFF. Centro White
999 _a286.73205 CA 5 2010
_wDEWEY
_c5
_iCW00308
_f2021-12-22
_g2
_lCCODECWL1
_mBWL
_r0
_sY
_tBOOK
_u2017-3-30
_xWHITE
_zUNKNOWN
_0COMPRA
_o.STAFF. Centro White
999 _aBS1556 D36 S18
_wDEWEY
_c1
_i51206-1002
_lCRAI-HOUSE
_mBWL
_r1
_sY
_tBOOK
_u2015-10-21
_xWHITE
_zUNKNOWN
_0DONACION
_o.STAFF. Centro White
999 _a224.5 H71 T5 2010
_wDEWEY
_c1
_iFJ11895
_d2019-9-24
_f2022-2-3
_g3
_lCCODEBUJ1
_mBUJ
_p21.00
_q3
_r0
_sY
_tBOOK
_u2018-10-29
_xBIBLIOTECA
_zUNKNOWN
_0COMPRA
_o.STAFF. Colección General Juliaca
999 _a224.5 H71 T5 2010
_wDEWEY
_c2
_iFJ11896
_d2019-9-24
_f2022-2-3
_g3
_lCCODEBUJ1
_mBUJ
_p21.00
_q3
_r0
_sY
_tBOOK
_u2018-10-29
_xBIBLIOTECA
_zUNKNOWN
_0COMPRA
_o.STAFF. Colección General Juliaca
980 _81
_gALBERTO SANCHEZ Responsable de Automatización